000 00439nam a2200193Ia 4500
005 20240823054631.0
008 240823s9999||||xx |||||||||||||| ||und||
041 _aENGLISH
082 _A005.1 Q4
100 _aRuhin Kouser R
245 0 _aSoftware Testeing
250 _a2nd
260 _c2014
_bARS Publica
500 _aYES
650 _aComputer
_bComputer Science
700 _aGunasundari B
942 _cBK
999 _c226913
_d226913